Forestry development in Bhutan : Policies, programmes dan institutions.

Bibliographic Details
Main Author: Ministry of Agriculture and Forests Bhutan
Format: Book
Published: Thimphu : Ministry of Agriculture and Forests Bhutan. , 2011
Subjects:

MARC

LEADER 00000cam a2200000 7i4500
001 0000003990
005 20130815.0
090 0 0 |a 634.9   |b BHUTAN 
100 1 0 |a Ministry of Agriculture and Forests Bhutan 
245 1 0 |a Forestry development in Bhutan :   |b Policies, programmes dan institutions. 
260 0 0 |a Thimphu :   |b Ministry of Agriculture and Forests Bhutan. ,   |c 2011 
300 |a xi, 125p.: :   |b ill., maps ;   |c 24 cm. 
504 0 0 |a Includes bibliographical references 
650 0 0 |a Forests and forestry. 
999 |a 007793   |b Monograph   |c Open Shelf   |e Default branch 
999 |a 007794   |b Monograph   |c Open Shelf   |e Default branch